Statistieken voor Elementen die in de Bijbel genoemd worden

Klik hier om de quiz te nemen!

Algemene statistieken

  • Deze quiz is 453 keer genomen
  • De gemiddelde score is 5 van 8

Antwoordstatistieken

Elementen% Correct
Goud
95%
Zilver
91%
IJzer
79%
Koper
72%
Tin
53%
Lood
51%
Zwavel
38%
Jood
34%

Scoreverdeling

Percentiel versus Aantal Correcte Antwoorden

Procent van Mensen met Elke Score

Uw Scoregeschiedenis

U heeft deze quiz nog niet genomen